[Event "Karaj Alborz Parsa School"]
[Site "Karaj"]
[Date "2017.10.29"]
[Round "9.6"]
[White "Saghafi, Sadra1"]
[Black "Kermani, Barad"]
[Result "1-0"]
[WhiteElo "1274"]
[BlackElo "1227"]
[PlyCount "53"]
[EventDate "2017.10.12"]
[EventType "swiss"]
[EventRounds "9"]
[EventCountry "IRI"]
[SourceTitle "EXT 2024"]
[Source "ChessBase"]
[SourceDate "2023.10.10"]
[SourceVersion "1"]
[SourceVersionDate "2023.10.10"]
[SourceQuality "1"]

1. e4 e5 2. Nf3 Nc6 3. Bc4 Bc5 4. d4 exd4 5. c3 dxc3 6. Qd5 Qe7 7. Nxc3 Nf6 8. Qf5 d6 9. Qf4 0-0 10. 0-0 Re8 11. Re1 Bg4 12. Nd5 Nxd5 13. exd5 Qxe1+ 14. Nxe1 Rxe1+ 15. Bf1 Be2 16. h3 Rxf1+ 17. Kh2 Nb4 18. Qd2 Rxf2 19. b3 Ba6 20. Qg5 Rxa2 21. Rxa2 Nxa2 22. Bb2 Kf8 23. Qxg7+ Ke7 24. Bf6+ Ke8 25. Qg8+ Kd7 26. Qxf7+ Kc8 27. Qe8# 1-0